| 000 | 00721nam a2200205Ia 4500 | ||
|---|---|---|---|
| 003 | GCL | ||
| 008 | 140319s9999 xx 000 0 ara d | ||
| 040 |
_aGCL / _cGCL |
||
| 082 | 0 | 4 |
_a952 _bع ى |
| 100 | 1 | _aعبدالفتاح محمد شبانة | |
| 245 | 1 | 0 |
_aاليابان: العادات والتقاليد وادمان التفوق / _cعبدالفتاح محمد شبانة |
| 300 | _a137 ص | ||
| 490 | _a | ||
| 650 | 0 | 4 | _aاليابان |
| 650 | 0 | 4 | _aالتنمية الاقتصادية |
| 650 | 0 | 4 | _aاليابان - الاحوال الاقتصادية |
| 650 | 0 | 4 | _aاليابان - الاحوال الاجتماعية |
| 650 | 0 | 4 | _aاليابان - العادات والتقاليد |
| 942 |
_2ddc _cBK |
||
| 999 |
_c38832 _d38832 |
||